| 000 | 00696nam a2200217 4500 | ||
|---|---|---|---|
| 001 | 118849 | ||
| 003 | ES-MaACL | ||
| 005 | 20230906191207.0 | ||
| 007 | t| | ||
| 008 | 070214s1965 sp r ||||1| spa d | ||
| 017 | _aM 13831-1965 | ||
| 080 | _a611.83(076) | ||
| 080 | _a611.7(076) | ||
| 100 | 1 |
_aPérez Casas, Antonio. _990715 |
|
| 245 | 1 | 0 |
_aAnatomía funcional del aparato locomotor y de la inervación periférica / _cpor Antonio Pérez Casas. |
| 260 |
_aMadrid : _bBailly-Baillière, _c1965. |
||
| 300 |
_a480 p. : _bil ; _c29 cm. |
||
| 650 | 4 |
_aNervios periféricos- _xAnatomía. _9140491 |
|
| 650 | 4 |
_aAparato locomotor- _xAnatomía. _9140492 |
|
| 852 |
_aES-MaACL _jC-56938 _bR.67012 |
||
| 999 |
_c118849 _d118849 |
||